Guess 5 slovak footballers by image - Statistics

General Stats
  • This quiz has been taken 148 times
  • The average score is 4 of 5
Answer Stats
Picture Answer % Correct
Marek Hamsik
98%
Milan Skriniar
95%
Stanislav Lobotka
83%
Martin Skrtel
80%
Martin Dubravka
74%
No matching quizzes found
Score Distribution
Percent of People with Each Score
Percentile by Number Answered
Your Score History
You have not taken this quiz